00424nam a2200133 a 4500008004100000020001500041050001900056100002500075245002600100246010500126260002900231300002100260350000900281120416s1985 ||||||||||||||||| || u a0444008780 aHJ 9777.A3 Tie aTierney, Cornelius E10aGovernment accounting aprocedures and practices, 1985 a comprehensive study of the Financial Report Practices of over 700 g aNew YorkbElsevierc1985 aix, 321p. : ill. a0.00